Statystyki dla Quiz o EURO 2020

Kliknij tutaj aby rozwiązać quiz!

Ogólne statystyki

  • Ten quiz został rozwiązany 228 razy
    (208 od ostatniego zresetowania)
  • Średni wynik to 4 z 8

Statystyki odpowiedzi

ZagadnienieOdpowiedź% Poprawnych
MVP tego turnieju został wybrany...Gianluigi Donnarumma
73%
W tym turnieju zadebiutował najmłodszy piłkarz imprezy w historii.Jak się nazywałKacper Kozłowski
71%
W którym meczu padło najwięcej bramekHiszpania-Chorwacja
61%
Kto zdobył pierwszą bramkę w meczu Polska-SłowacjaWojciech Szczęsny
55%
Które to były ME w historii16
54%
Który bramkarz zanotował najwięcej czystych kont na turniejuJordan Pickford
38%
Kto został najlepszym strzelcem Danii na tym turniejuKasper Dolberg
35%
Ile padło bramek samobójczych na tym EURO11
29%

Rozkład punktacji

Percentyl według liczby udzielonych odpowiedzi

Procent ludzi z każdym wynikiem

Twoja historia wyników

Nie rozwiązałeś tego quizu od ostatniego zresetowania